Sameekshaka sashya/ (Record no. 164828)

000 -LEADER
fixed length control field 00266nam a22001217a 4500
082 ## - DEWEY DECIMAL CLASSIFICATION NUMBER
Classification number
Item number
100 ## - MAIN ENTRY--PERSONAL NAME
Personal name Vanaja K
245 ## - TITLE STATEMENT
Title Sameekshaka sashya/
Statement of responsibility, etc. by Vanaja K.
260 ## - PUBLICATION, DISTRIBUTION, ETC.
Place of publication, distribution, etc. Mathura:
Name of publisher, distributor, etc. Jawahar Pustakalaya,
Date of publication, distribution, etc. 2008.
300 ## - PHYSICAL DESCRIPTION
Extent 117p.
650 ## - SUBJECT ADDED ENTRY--TOPICAL TERM
Topical term or geographic name entry element
942 ## - ADDED ENTRY ELEMENTS (KOHA)
Koha item type Book
Holdings
Withdrawn status Lost status Damaged status Not for loan Permanent Location Current Location Shelving location Date acquired Cost, normal purchase price Total Checkouts Barcode Date last seen Price effective from Koha item type
        RC Thiruvananthapuram RC Thiruvananthapuram   31.10.2018 150.00   TV013777 31.10.2018 31.10.2018 Book